Shāṭibī's philosophy of Islamic law / (Record no. 59683)
[ view plain ]
| 000 -LEADER | |
|---|---|
| fixed length control field | 01341nam a2200325 a 4500 |
| 001 - CONTROL NUMBER | |
| control field | 59683 |
| 003 - CONTROL NUMBER IDENTIFIER | |
| rucl marc code | BD-RjUL |
| 005 - DATE AND TIME OF LATEST TRANSACTION | |
| control field | 20211209080746.0 |
| 008 - FIXED-LENGTH DATA ELEMENTS--GENERAL INFORMATION | |
| fixed length control field | 161226s1997 pk b 001 0 eng u |
| 020 ## - INTERNATIONAL STANDARD BOOK NUMBER | |
| International Standard Book Number | 8174351004 |
| 035 ## - SYSTEM CONTROL NUMBER | |
| System control number | (BD-RjUL)59807 |
| System control number | (CStRLIN)NYUGB12236841-B |
| 040 ## - CATALOGING SOURCE | |
| Transcribing agency | UPRA |
| Modifying agency | NNC-L |
| -- | CStRLIN |
| Original cataloging agency | BD-RjUL |
| Language of cataloging | eng |
| 041 ## - LANGUAGE CODE | |
| Language code of text/sound track or separate title | eng |
| 082 ## - DEWEY DECIMAL CLASSIFICATION NUMBER | |
| Classification number | 340.5901 |
| Author mark and year | MAS 1997 |
| 100 1# - MAIN ENTRY--PERSONAL NAME | |
| Personal name | Masud, Muhammad Khalid, |
| Dates associated with a name | 1939- |
| 9 (RLIN) | 177618 |
| 245 10 - TITLE STATEMENT | |
| Title | Shāṭibī's philosophy of Islamic law / |
| Statement of responsibility, etc. | Muhammad Khalid Masud. |
| 260 ## - PUBLICATION, DISTRIBUTION, ETC. (IMPRINT) | |
| Place of publication, distribution, etc. | Islamabad, Pakistan : |
| Name of publisher, distributor, etc. | Islamic Research Institute : |
| -- | International Islamic University, |
| Date of publication, distribution, etc. | c1997 |
| 300 ## - PHYSICAL DESCRIPTION | |
| Pagination | x, 294 p. ; |
| Size | 25 cm. |
| 490 1# - SERIES STATEMENT | |
| Series statement | Publication / Islamic Research Institute, Islamabad ; |
| Volume/sequential designation | no. 96 |
| 500 ## - GENERAL NOTE | |
| General note | Revised and enlarged version of: Islamic legal philosophy |
| 504 ## - BIBLIOGRAPHY, ETC. NOTE | |
| Bibliography, etc | Includes bibliographical references (p. 256-273) and index. |
| 600 10 - SUBJECT ADDED ENTRY--PERSONAL NAME | |
| Personal name | Shāṭibī, Ibrāhīm ibn Mūsá, |
| Dates associated with a name | -1388. |
| 650 #0 - SUBJECT ADDED ENTRY--TOPICAL TERM | |
| Topical term or geographic name as entry element | Islamic law |
| General subdivision | Philosophy. |
| 9 (RLIN) | 177620 |
| Topical term or geographic name as entry element | Islamic law |
| General subdivision | Interpretation and construction |
| -- | History. |
| 9 (RLIN) | 177621 |
| 710 2# - ADDED ENTRY--CORPORATE NAME | |
| Corporate name or jurisdiction name as entry element | Islamic Research Institute (Pakistan) |
| 9 (RLIN) | 177622 |
| Corporate name or jurisdiction name as entry element | International Islamic University (Islāmābād, Pakistan) |
| 9 (RLIN) | 177623 |
| 830 #0 - SERIES ADDED ENTRY--UNIFORM TITLE | |
| Uniform title | Publication (Islamic Research Institute (Pakistan)) ; |
| Volume number/sequential designation | no. 96. |
| 942 ## - ADDED ENTRY ELEMENTS (KOHA) | |
| Source of classification or shelving scheme | Dewey Decimal Classification |
| Koha item type | Books |
| Lost status | Source of classification or shelving scheme | Damaged status | Not for loan | Collection code | Permanent Location | Current Location | Shelving location | Date acquired | Source of acquisition | Cost, normal purchase price | Total Checkouts | Full call number | Date last seen | Copy number | Koha item type |
|---|---|---|---|---|---|---|---|---|---|---|---|---|---|---|---|
| Dewey Decimal Classification | Not For Loan | Non-fiction | Central Library, University of Rajshahi | Central Library, University of Rajshahi | Reading Room | 05/10/2005 | Paragogn Enterprise, Dhaka | 250.00 | 340.5901 MAS 1997 | 26/12/2016 | C-1 | Books |